[Event "IMSA Masters Rapid Women"]
[Site "Hengshui CHN"]
[Date "2019.05.15"]
[Round "5.6"]
[White "Lei, Tingjie"]
[Black "Tan, Zhongyi"]
[Result "1/2-1/2"]
[WhiteTitle "GM"]
[BlackTitle "GM"]
[WhiteElo "2507"]
[BlackElo "2513"]
[WhiteFideId "8605114"]
[BlackFideId "8603642"]
[EventDate "2019.05.14"]

1. e4 e5 2. Nf3 Nc6 3. Bb5 Nf6 4. O-O Nxe4 5. Re1 Nd6 6. a4 Be7 7. Nc3 O-O 8. d4
e4 9. Nxe4 Nxe4 10. Rxe4 d5 11. Re1 Bg4 12. c3 Bd6 13. Be3 Ne7 14. Be2 c6 15. h3
Bh5 16. Ne5 Bxe2 17. Qxe2 f6 18. Nd3 Re8 19. Qf3 Qd7 20. Bf4 Ng6 21. Bxd6 Qxd6
22. a5 Nf8 23. g3 Ne6 24. h4 Re7 25. Re3 Rae8 26. Rae1 Nf8 27. Nf4 Rxe3 28. Rxe3
Rxe3 29. Qxe3 Kf7 30. b4 Qe7 31. Qf3 Qe1+ 32. Kh2 Ne6 33. Nd3 Qd2 34. Ne5+ Ke7
35. Ng4 h5 36. Ne3 g6 37. Ng2 Kf7 38. Kg1 a6 39. Nf4 Nxf4 40. gxf4 f5 41. Qe3
Qd1+ 42. Kg2 Qg4+ 43. Qg3 Ke6 44. f3 Qxg3+ 45. Kxg3 Kd6 46. Kf2 Kc7 47. Ke3 b6
48. Kd3 bxa5 49. bxa5 Kd6 50. c4 c5 51. Kc3 Kc6 52. Kd3 dxc4+ 53. Kxc4 cxd4 54.
Kxd4 Kb5 55. Ke5 Kxa5 56. Kf6 Kb4 57. Kxg6 a5 58. Kxf5 a4 59. Ke6 a3 60. f5 a2
61. f6 a1=Q 62. f7 Qg7 63. Ke7 Qe5+ 64. Kd7 Qf6 65. Ke8 Qe6+ 66. Kf8 Kb5 67. Kg7
Qe5+ 68. Kg8 Qg3+ 69. Kh7 Qxf3 70. Kg7 Qg4+ 71. Kh7 Qb4 72. Kg8 Qxh4 73. f8=Q
Qg5+ 74. Kh7 h4 75. Qf3 Kc5 76. Qa3+ Kd4 77. Qb2+ Ke4 78. Qc2+ Kf3 79. Qd1+ Kg2
80. Qe2+ Kg3 81. Qe1+ Kh2 82. Qf2+ Kh3 83. Qf3+ Qg3 84. Qh1+ Kg4 85. Qe4+ Qf4
86. Qg2+ Kf5 87. Qd5+ Qe5 88. Qf3+ Kg5 89. Qg2+ Qg3 90. Qd5+ Kf6 91. Qd4+ Kf5
92. Qd5+ Qe5 93. Qf3+ Ke6 94. Qc6+ Ke7 95. Qb7+ Kd8 96. Qa8+ Kc7 97. Qa7+ Kc8
98. Qa6+ Kd8 99. Qa8+ Ke7 100. Qb7+ Kf6 101. Qc6+ Qe6 102. Qc3+ Kg5 103. Qd2+
Kg4 104. Qd1+ Kf4 105. Qf1+ Kg5 106. Qc1+ Kf6 107. Qh6+ Kf7 108. Qh5+ Kf8 109.
Qxh4 1/2-1/2

[Event "IMSA Masters Rapid Women"]
[Site "Hengshui CHN"]
[Date "2019.05.15"]
[Round "5.8"]
[White "Paehtz, Elisabeth"]
[Black "Khotenashvili, Bela"]
[Result "1/2-1/2"]
[WhiteTitle "IM"]
[BlackTitle "GM"]
[WhiteElo "2470"]
[BlackElo "2476"]
[WhiteFideId "4641833"]
[BlackFideId "13602640"]
[EventDate "2019.05.14"]

1. d4 Nf6 2. Nf3 g6 3. Bg5 Bg7 4. Nbd2 d5 5. e3 O-O 6. c3 Nbd7 7. Be2 b6 8. O-O
Bb7 9. b4 Re8 10. a4 a5 11. b5 e5 12. dxe5 Nxe5 13. Nxe5 Rxe5 14. Nf3 Re8 15.
Nd4 Qd7 16. Bxf6 Bxf6 17. Bf3 Rad8 18. Qb3 Qd6 19. Rfd1 h5 20. Rd2 Qe5 21. Rad1
Rd6 22. Qc2 c5 23. bxc6 Bxc6 24. Qb3 Bd7 25. Ne2 Rd8 26. Bxd5 Bxa4 27. Qxa4 Rxd5
28. Nd4 Qc7 29. Qb3 R5d6 30. h3 Qc5 31. Rb1 Rc8 32. Qa4 Qc4 33. Qa3 Be7 34. Qa1
Kg7 35. Rdb2 Bd8 36. Rb3 Rc5 37. Qb2 Rf6 38. Qd2 Bc7 39. Nb5 Be5 40. f4 Bb8 41.
Qd4 Qe6 42. Qd2 Qe4 43. Nd4 Bc7 44. Rb5 Rxb5 45. Rxb5 Rd6 46. Qe2 Rd7 47. Kf2
Re7 48. Rb2 Re8 49. Qf3 Qxf3+ 50. Kxf3 Rc8 51. Nb5 Bd8 52. e4 Be7 53. Ke3 h4 54.
Kd3 Rd8+ 55. Nd4 Bc5 56. Kc4 a4 57. Ra2 Ra8 58. Nf3 Re8 59. e5 a3 60. Nxh4 g5
61. Nf5+ Kg6 62. Nd6 Ra8 63. f5+ Kg7 64. Kd5 Ra5 65. Kc6 Bg1 66. Nb5 Bc5 67. g4
Kf8 68. c4 Ra8 69. Nd6 Ke7 70. Ne4 Be3 71. Nd6 Bc5 72. Nb5 Rc8+ 73. Kd5 Rd8+ 74.
Ke4 Rd1 75. Nxa3 Rd4+ 76. Kf3 Rd3+ 77. Ke4 Rd4+ 78. Kf3 Rd3+ 79. Ke4 Rxa3 80.
Rxa3 Bxa3 81. Kd5 f6 82. e6 Bc5 83. Kc6 Kd8 84. Kb7 Ke8 85. Kc7 Ke7 86. Kc6 Bf2
87. Kc7 Ke8 88. Kc6 Kd8 89. Kb7 Bc5 90. Kb8 Ke7 91. Kc7 Bf2 92. Kc6 Bc5 93. Kc7
Bf2 94. Kc6 Bc5 95. Kc7 1/2-1/2

[Event "IMSA Masters Rapid Women"]
[Site "Hengshui CHN"]
[Date "2019.05.15"]
[Round "6.1"]
[White "Stefanova, Antoaneta"]
[Black "Gunina, Valentina"]
[Result "0-1"]
[WhiteTitle "GM"]
[BlackTitle "GM"]
[WhiteElo "2470"]
[BlackElo "2506"]
[WhiteFideId "2902257"]
[BlackFideId "4167570"]
[EventDate "2019.05.14"]

1. Nf3 d5 2. g3 c6 3. Bg2 Bg4 4. O-O Nd7 5. d3 e6 6. h3 Bh5 7. e4 Bd6 8. exd5
cxd5 9. c4 Ne7 10. Nc3 O-O 11. cxd5 Nxd5 12. Nxd5 exd5 13. Qb3 Nb6 14. a4 a5 15.
Be3 Bb4 16. Nd4 Rc8 17. Rfc1 Qf6 18. Nb5 h6 19. Bd4 Qe6 20. Nc7 Qd6 21. Bxb6
Qxb6 22. Nxd5 Qe6 23. Rc4 Bc5 24. Rac1 Bd6 25. Nb6 Rcd8 26. d4 Be2 27. R4c3 Qf6
28. Nd5 Qxd4 29. Qxb7 Qxa4 30. Rc8 Rxc8 31. Rxc8 Qd1+ 32. Kh2 Qd4 33. Rxf8+ Bxf8
34. Qb8 g6 35. Qb6 Qxb6 36. Nxb6 Bc5 37. Nd7 Bxf2 38. Bd5 Bd4 39. b3 Kg7 40. g4
Bb5 41. Nb8 Be5+ 0-1

[Event "IMSA Masters Rapid Women"]
[Site "Hengshui CHN"]
[Date "2019.05.15"]
[Round "6.2"]
[White "Abdumalik, Zhansaya"]
[Black "Dzagnidze, Nana"]
[Result "1-0"]
[WhiteTitle "IM"]
[BlackTitle "GM"]
[WhiteElo "2464"]
[BlackElo "2510"]
[WhiteFideId "13703544"]
[BlackFideId "13601903"]
[EventDate "2019.05.14"]

1. e4 e6 2. d4 d5 3. Nc3 Bb4 4. e5 c5 5. a3 Ba5 6. b4 cxd4 7. Qg4 Kf8 8. Nb5 Bc7
9. Nf3 Nc6 10. Bf4 f5 11. exf6 Nxf6 12. Bxc7 Nxg4 13. Bxd8 Nxd8 14. h3 Nf6 15.
Nbxd4 Nf7 16. g4 a5 17. Rb1 axb4 18. axb4 Bd7 19. Nb3 b6 20. c4 Ke7 21. Nfd2 Ra4
22. Nd4 h5 23. g5 Nxg5 24. Rg1 Nf7 25. Rxg7 Rg8 26. Rxg8 Nxg8 27. cxd5 exd5 28.
Bb5 Bxb5 29. Nxb5 Nf6 30. Ke2 Ne5 31. Nc3 Ra8 32. Ke3 Nc6 33. Kd3 Ra3 34. Kc2 d4
35. Nb5 Rxh3 36. Nc4 Nd5 37. Re1+ Kf6 38. Kd2 Ncxb4 39. Ncd6 Rd3+ 40. Kc1 Rf3
41. Ne4+ Kg6 42. Rg1+ Kh6 43. Nxd4 Rf4 44. f3 Nf6 45. Ne6 Rxf3 46. N4g5 Ra3 47.
Nf7+ Kh7 48. Rg7# 1-0

[Event "IMSA Masters Rapid Women"]
[Site "Hengshui CHN"]
[Date "2019.05.15"]
[Round "6.4"]
[White "Harika, Dronavalli"]
[Black "Lei, Tingjie"]
[Result "1/2-1/2"]
[WhiteTitle "GM"]
[BlackTitle "GM"]
[WhiteElo "2492"]
[BlackElo "2507"]
[WhiteFideId "5015197"]
[BlackFideId "8605114"]
[EventDate "2019.05.14"]

1. e4 e5 2. Nf3 Nc6 3. Bc4 Bc5 4. c3 Nf6 5. d4 exd4 6. e5 d5 7. Bb5 Ne4 8. cxd4
Bb6 9. Nc3 Bg4 10. h3 Bh5 11. Qc2 O-O 12. Be3 Bg6 13. Qb3 Ne7 14. O-O c6 15. Bd3
Nd2 16. Nxd2 Bxd3 17. Rfe1 Nf5 18. Na4 Ba6 19. Nxb6 axb6 20. Nf3 f6 21. exf6
Qxf6 22. Qxb6 Bd3 23. Bg5 Qg6 24. Qb3 Bc4 25. Qc3 Nd6 26. Be7 Ne4 27. Rxe4 Rxf3
28. Re3 Rxe3 29. Qxe3 Re8 30. b3 Bd3 31. Qg5 Qxg5 32. Bxg5 Re2 33. b4 Rb2 34.
Be7 Kf7 35. Bc5 Rb1+ 36. Rxb1 Bxb1 37. a4 Bc2 38. a5 Bd3 39. f3 h5 40. h4 g6 41.
Kf2 Ke6 42. Ke3 Bf1 43. g4 Kf6 44. Bd6 Bc4 45. Be5+ Kf7 46. Bg3 Kf6 47. Bc7 Kf7
48. Bd8 Ke6 49. Bc7 Kf6 50. Bb8 Ke6 51. Be5 Kf7 52. Bg3 Ke6 53. Bc7 Kf6 54. Bd8+
Ke6 55. Bg5 Kf7 56. Kf4 Ke6 57. Bd8 Be2 58. Bc7 Bd1 59. Be5 Be2 60. gxh5 gxh5
61. Bb8 Bd1 62. Ba7 Be2 63. Bb6 Kf6 64. Bc5 Bd1 65. Bb6 Ke6 66. Bc5 Kf6 67. Bb6 1/2-1/2

[Event "IMSA Masters Rapid Women"]
[Site "Hengshui CHN"]
[Date "2019.05.15"]
[Round "6.5"]
[White "Zhao, Xue"]
[Black "Ushenina, Anna"]
[Result "1-0"]
[WhiteTitle "GM"]
[BlackTitle "GM"]
[WhiteElo "2485"]
[BlackElo "2442"]
[WhiteFideId "8601283"]
[BlackFideId "14110911"]
[EventDate "2019.05.14"]

1. d4 d5 2. c4 e6 3. Nc3 a6 4. cxd5 exd5 5. Bf4 c6 6. e3 Bd6 7. Bxd6 Qxd6 8. Bd3
Ne7 9. Qc2 g6 10. Nf3 O-O 11. O-O Bf5 12. b4 Nd7 13. a4 Rfc8 14. Rfc1 Bxd3 15.
Qxd3 Rab8 16. b5 axb5 17. axb5 c5 18. dxc5 Nxc5 19. Qd1 Rd8 20. Nd4 Rbc8 21.
Nce2 Ne6 22. h3 Qb4 23. Ra7 Rxc1 24. Qxc1 Rc8 25. Qa1 Nd8 26. Ra8 Qc5 27. Nf4
Rxa8 28. Qxa8 Qd6 29. g4 h6 30. Kg2 Kf8 31. Qa1 Kg8 32. Qc3 Kh7 33. Kg1 Kg8 34.
Nf3 b6 35. Nd4 Qc5 36. Qa1 Kh7 37. Qa8 Qd6 38. Qa7 Kg8 39. Nfe2 Kf8 40. Qa8 Qc7
41. Nf4 Qd6 42. Nd3 Kg7 43. Qa1 Kg8 44. Qc3 Kh7 45. Qa1 Kg8 46. Qa8 Kg7 47. Ne5
Qc7 48. Kg2 Qc8 49. Qa7 Qb7 50. Qa1 Kg8 51. Qc3 Qb8 52. Ndf3 Qd6 53. Qa1 Kh7 54.
Qd4 Kg8 55. Qa1 Kh7 56. Qa8 Kg7 57. Nd4 Kh7 58. Nec6 Nexc6 59. Nxc6 Ne6 60. Qb7
Kg7 61. Qxb6 Nc5 62. Qa7 Nb3 63. Nd4 Nd2 64. Qa2 Ne4 65. Qb2 Kh7 66. b6 Nc5 67.
Qb5 Qe7 68. Qc6 Qe4+ 69. f3 Qe7 70. Qc7 Nd7 71. b7 Qe8 72. Qxd7 Qxd7 73. b8=Q
Qa4 74. Qb7 Qa2+ 75. Kg3 Kg7 76. Qe7 Kg8 77. Qe8+ Kg7 78. Qe5+ Kg8 79. Nc6 Qb1
80. Ne7+ Kf8 81. Nxd5 Qg1+ 82. Kf4 Qh2+ 83. Ke4 Qc2+ 84. Kd4 Qd2+ 85. Kc5 Qa5+
86. Kc4 Qa2+ 87. Kd4 Qd2+ 88. Kc4 Qa2+ 89. Kd3 Qa6+ 90. Ke4 Qc4+ 91. Qd4 Qc2+
92. Ke5 Qh2+ 93. f4 Qxh3 94. Kd6 Kg8 95. Ne7+ Kh7 96. Qf6 1-0

[Event "IMSA Masters Rapid Women"]
[Site "Hengshui CHN"]
[Date "2019.05.15"]
[Round "6.8"]
[White "Khotenashvili, Bela"]
[Black "Bodnaruk, Anastasia"]
[Result "0-1"]
[WhiteTitle "GM"]
[BlackTitle "IM"]
[WhiteElo "2476"]
[BlackElo "2431"]
[WhiteFideId "13602640"]
[BlackFideId "4181751"]
[EventDate "2019.05.14"]

1. Nf3 Nf6 2. g3 g6 3. Bg2 Bg7 4. O-O O-O 5. d4 d6 6. c3 c6 7. a4 Qc7 8. a5 e5
9. dxe5 dxe5 10. Nbd2 Rd8 11. Qc2 Na6 12. b4 h6 13. e4 Be6 14. Re1 Rd7 15. Bf1
Rad8 16. Nc4 Ne8 17. Be3 Qb8 18. Red1 f5 19. exf5 Bxf5 20. Qb3 Be6 21. Rxd7 Rxd7
22. Qa4 Rd5 23. Rd1 Bg4 24. Rxd5 Bxf3 25. Rd7 Nf6 26. Rd6 Qe8 27. Bxa7 Kh7 28.
Qc2 Nc7 29. Bb6 Ncd5 30. Rd8 Qe7 31. Rb8 e4 32. Bc5 Qd7 33. Bd4 Qe7 34. Ne5 h5
35. a6 bxa6 36. Nxc6 Qc7 37. b5 axb5 38. Bxb5 h4 39. Be5 Qd7 40. Nd4 Qa7 41. Bf1
Ng4 42. Nc6 Qa1 43. Rb1 Qa8 44. Bxg7 Kxg7 45. Nd4 e3 46. fxe3 Ndxe3 47. Qb3 Nxf1
48. Rxf1 Bd5 49. Qb4 Qe8 50. Nc2 Qe2 51. Qd4+ Kh7 52. Rf2 Nxf2 53. Qxf2 Qe4 54.
Qa7+ Bb7 55. Ne3 Qh1+ 56. Kf2 Qxh2+ 57. Kf1 Qh1+ 58. Ke2 Qf3+ 59. Kd2 hxg3 60.
Qb8 Qf2+ 61. Kd3 Qf3 62. Kd2 Be4 63. Qc7+ Kh6 64. Nd1 g2 65. Qh2+ Qh5 66. Qg1
Qd5+ 67. Ke1 Kg7 68. Qa7+ Kh6 69. Qe3+ g5 70. Qg3 Qc4 71. Qd6+ Kg7 72. Qe5+ Kf7
73. Qxg5 Qf1+ 74. Kd2 g1=Q 75. Qh5+ Qg6 0-1

[Event "IMSA Masters Rapid Women"]
[Site "Hengshui CHN"]
[Date "2019.05.15"]
[Round "7.1"]
[White "Gunina, Valentina"]
[Black "Zhao, Xue"]
[Result "0-1"]
[WhiteTitle "GM"]
[BlackTitle "GM"]
[WhiteElo "2506"]
[BlackElo "2485"]
[WhiteFideId "4167570"]
[BlackFideId "8601283"]
[EventDate "2019.05.14"]

1. e4 e5 2. Bc4 Nf6 3. Nf3 Nc6 4. d3 Be7 5. O-O d6 6. a4 a5 7. h3 O-O 8. Nc3 Be6
9. Bxe6 fxe6 10. Ne2 Qe8 11. c3 Kh8 12. Qb3 Nd8 13. Ng5 h6 14. Nf3 Nh5 15. d4
Qg6 16. Ng3 Nxg3 17. fxg3 exd4 18. cxd4 Qxe4 19. Bf4 Nc6 20. Rad1 Qd5 21. Qc2
Rac8 22. Qd2 Bf6 23. Bxh6 Nxd4 24. Nh2 Qc4 25. Ng4 Nb3 26. Qe1 Bd4+ 27. Be3
Rxf1+ 28. Qxf1 Qxf1+ 29. Kxf1 Bxe3 30. Nxe3 Kg8 31. Ke2 Kf7 32. g4 Ke7 33. g5
Rf8 34. g3 d5 35. h4 Nc5 36. Rc1 Kd6 37. Ng4 Nxa4 38. g6 Nc5 39. h5 Ne4 40. Rg1
Rh8 41. h6 gxh6 42. Ke3 Rg8 43. Nxh6 Rxg6 44. Rh1 Rxg3+ 45. Ke2 Rb3 46. Nf7+ Ke7
47. Rh7 Rxb2+ 48. Kd3 Nf6 49. Rg7 Kf8 0-1

[Event "IMSA Masters Rapid Women"]
[Site "Hengshui CHN"]
[Date "2019.05.15"]
[Round "7.3"]
[White "Muzychuk, Mariya"]
[Black "Stefanova, Antoaneta"]
[Result "1-0"]
[WhiteTitle "GM"]
[BlackTitle "GM"]
[WhiteElo "2563"]
[BlackElo "2470"]
[WhiteFideId "14114550"]
[BlackFideId "2902257"]
[EventDate "2019.05.14"]

1. e4 e5 2. Nf3 Nc6 3. Bc4 Bc5 4. c3 Nf6 5. d4 exd4 6. e5 d5 7. Bb5 Ne4 8. cxd4
Bb6 9. Nc3 O-O 10. O-O Bg4 11. Bxc6 bxc6 12. h3 Bxf3 13. Qxf3 Bxd4 14. Nxe4 dxe4
15. Qxe4 Qd5 16. Qxd5 cxd5 17. Rd1 c5 18. Be3 Bxe3 19. fxe3 Rfd8 20. Rac1 Rac8
21. Rd3 Rc7 22. b4 c4 23. Rd4 c3 24. e4 Rc4 25. Rxc4 dxc4 26. Rxc3 Rd4 27. Ra3
Kf8 28. b5 Rd1+ 29. Kf2 Rb1 30. Ke3 Rxb5 31. Rxa7 c3 32. Kd3 Rb2 33. Kxc3 Rxg2
34. a4 Rg3+ 35. Kb4 Rxh3 36. a5 Re3 37. a6 Rxe4+ 38. Kb3 Rxe5 39. Rb7 Ra5 40. a7
g5 41. Rb8+ Kg7 42. a8=Q Rxa8 43. Rxa8 Kg6 44. Kc3 h5 45. Kd3 Kf5 46. Ke3 Kg4
47. Ra1 h4 48. Rg1+ Kh5 49. Kf3 f5 50. Rb1 h3 51. Kg3 g4 52. Kf4 Kg6 53. Rb6+
Kf7 54. Rb5 Kg6 55. Ra5 h2 56. Ra1 1-0

[Event "IMSA Masters Rapid Women"]
[Site "Hengshui CHN"]
[Date "2019.05.15"]
[Round "7.4"]
[White "Dzagnidze, Nana"]
[Black "Harika, Dronavalli"]
[Result "1/2-1/2"]
[WhiteTitle "GM"]
[BlackTitle "GM"]
[WhiteElo "2510"]
[BlackElo "2492"]
[WhiteFideId "13601903"]
[BlackFideId "5015197"]
[EventDate "2019.05.14"]

1. e4 c6 2. Nc3 d5 3. Nf3 dxe4 4. Nxe4 Nf6 5. Nxf6+ exf6 6. d4 Bd6 7. h3 O-O 8.
Be2 Re8 9. O-O Nd7 10. c4 Nf8 11. d5 cxd5 12. cxd5 Ng6 13. Be3 Nf4 14. Bb5 Re7
15. Bxf4 Bxf4 16. Re1 Bf5 17. Qd4 Bc7 18. Rxe7 Qxe7 19. Re1 Qd6 20. Bd3 Bb6 21.
Qc4 Bd7 22. Qe4 g6 23. Qe7 Bc5 24. Qxd6 Bxd6 25. Rc1 Rd8 26. Kf1 f5 27. b3 Kg7
28. a4 a6 29. Rc2 Kf6 30. Nd2 Be8 31. Be2 Bf4 32. Bf3 b5 33. axb5 Bxb5+ 34. Nc4
h5 35. g3 Bb8 36. Kg2 Bd6 37. Be2 Bb8 38. Ne3 Bxe2 39. Rxe2 f4 40. gxf4 Bxf4 41.
Ra2 Bxe3 42. Rxa6+ Ke5 43. fxe3 Rxd5 44. Ra7 f5 45. h4 Rb5 46. Ra6 Rxb3 47. Kf3
Rb4 48. Rxg6 Rxh4 49. Rh6 Rh3+ 50. Kg2 Rxe3 51. Rxh5 Ke4 52. Rh8 Re2+ 53. Kf1
Ra2 54. Rh3 f4 55. Rb3 Kf5 56. Rc3 Kg4 57. Rb3 f3 58. Rb8 Kg3 1/2-1/2

[Event "IMSA Masters Rapid Women"]
[Site "Hengshui CHN"]
[Date "2019.05.15"]
[Round "7.6"]
[White "Bodnaruk, Anastasia"]
[Black "Koneru, Humpy"]
[Result "1-0"]
[WhiteTitle "IM"]
[BlackTitle "GM"]
[WhiteElo "2431"]
[BlackElo "2553"]
[WhiteFideId "4181751"]
[BlackFideId "5008123"]
[EventDate "2019.05.14"]

1. e4 c5 2. Nf3 e6 3. Nc3 a6 4. g3 b5 5. d4 cxd4 6. Nxd4 Bb7 7. Bg2 b4 8. Na4
Nf6 9. O-O d6 10. Re1 e5 11. Nf5 g6 12. Ne3 Bc6 13. c4 Be7 14. Nd5 Bxd5 15. exd5
Nbd7 16. c5 dxc5 17. d6 Bf8 18. f4 Rb8 19. fxe5 Nh5 20. Bc6 Rc8 21. Qd5 Bg7 22.
Bxd7+ Qxd7 23. Nb6 1-0

[Event "IMSA Masters Rapid Women"]
[Site "Hengshui CHN"]
[Date "2019.05.15"]
[Round "7.7"]
[White "Ushenina, Anna"]
[Black "Paehtz, Elisabeth"]
[Result "1/2-1/2"]
[WhiteTitle "GM"]
[BlackTitle "IM"]
[WhiteElo "2442"]
[BlackElo "2470"]
[WhiteFideId "14110911"]
[BlackFideId "4641833"]
[EventDate "2019.05.14"]

1. d4 e6 2. Nf3 f5 3. g3 b6 4. Bg2 Bb7 5. O-O Nf6 6. c4 g6 7. Nc3 Bg7 8. d5 Na6
9. Bf4 O-O 10. Qd2 Nc5 11. dxe6 Nxe6 12. Bh6 Ne4 13. Nxe4 fxe4 14. Ne1 Bxh6 15.
Qxh6 Qf6 16. Qc1 Qd4 17. b3 a5 18. Nc2 Qc3 19. Ne3 Qxc1 20. Raxc1 Nd4 21. Rfe1
c5 22. Nc2 Nf5 23. Red1 Rf7 24. a4 Bc6 25. Rd2 Re8 26. e3 Nh6 27. h3 Rf6 28. Na3
Nf7 29. Nb1 Ne5 30. Nc3 Nd3 31. Rf1 Nb4 32. Rfd1 Re7 33. h4 Kf7 34. Bf1 h6 35.
Na2 Nxa2 36. Rxa2 g5 37. hxg5 hxg5 38. Rad2 Rh6 39. Be2 Ke8 40. Rd6 Reh7 41.
Rxh6 Rxh6 42. Bg4 Ke7 43. Kg2 Rd6 44. Rxd6 Kxd6 45. f4 exf3+ 46. Bxf3 g4 47.
Bxc6 dxc6 48. Kf2 Ke5 49. Ke1 Kf5 50. Kd1 Ke5 51. Ke1 Kf5 52. Kd1 1/2-1/2

[Event "IMSA Masters Rapid Women"]
[Site "Hengshui CHN"]
[Date "2019.05.15"]
[Round "7.8"]
[White "Khotenashvili, Bela"]
[Black "Tan, Zhongyi"]
[Result "0-1"]
[WhiteTitle "GM"]
[BlackTitle "GM"]
[WhiteElo "2476"]
[BlackElo "2513"]
[WhiteFideId "13602640"]
[BlackFideId "8603642"]
[EventDate "2019.05.14"]

1. g3 d5 2. Nf3 g6 3. Bg2 Bg7 4. d4 Nf6 5. O-O O-O 6. c3 b6 7. a4 a6 8. Nbd2 Bb7
9. b4 Nbd7 10. a5 c5 11. bxc5 bxc5 12. e3 Qc7 13. Ne1 e5 14. Nd3 exd4 15. exd4
Ne4 16. Nxe4 dxe4 17. Bf4 Qc8 18. Qb3 c4 0-1

[Event "IMSA Masters Rapid Women"]
[Site "Hengshui CHN"]
[Date "2019.05.16"]
[Round "8.1"]
[White "Zhao, Xue"]
[Black "Abdumalik, Zhansaya"]
[Result "1-0"]
[WhiteTitle "GM"]
[BlackTitle "IM"]
[WhiteElo "2485"]
[BlackElo "2464"]
[WhiteFideId "8601283"]
[BlackFideId "13703544"]
[EventDate "2019.05.14"]

1. Nf3 Nf6 2. c4 c5 3. g3 g6 4. Bg2 Bg7 5. d4 cxd4 6. Nxd4 O-O 7. Nc3 Qc7 8. b3
d5 9. Ncb5 Qd8 10. O-O a6 11. Nc3 e5 12. Nc2 dxc4 13. bxc4 Nc6 14. Be3 Bf5 15.
Nd5 Nd7 16. Qd2 Re8 17. Rfd1 Rc8 18. Rac1 Qa5 19. Ncb4 Nd4 20. Bg5 Qc5 21. e3
Nc6 22. e4 Bg4 23. Be3 Nd4 24. f3 Be6 25. Nc2 f5 26. Nxd4 exd4 27. Bxd4 Bxd4+
28. Qxd4 fxe4 29. Qxc5 Rxc5 30. fxe4 Kg7 31. Rb1 b5 32. cxb5 axb5 33. Nf4 Nf6
34. Nxe6+ Rxe6 35. Rd4 Ra6 36. Rd2 Ra4 37. Re2 Re5 38. Reb2 Nxe4 39. Re1 Kf6 40.
Rbe2 Kf5 41. h4 h5 42. Kh2 Rc4 43. Bf3 Ra4 44. Kg2 Re6 45. Rf1 Ke5 46. Rb1 Rb6
47. Rbe1 Rba6 48. Rxe4+ Kf6 49. Rxa4 Rxa4 50. Bd5 Rd4 51. Bb3 Rd3 52. Re6+ Kg7
53. Rxg6+ 1-0

[Event "IMSA Masters Rapid Women"]
[Site "Hengshui CHN"]
[Date "2019.05.16"]
[Round "8.2"]
[White "Bodnaruk, Anastasia"]
[Black "Muzychuk, Mariya"]
[Result "1-0"]
[WhiteTitle "IM"]
[BlackTitle "GM"]
[WhiteElo "2431"]
[BlackElo "2563"]
[WhiteFideId "4181751"]
[BlackFideId "14114550"]
[EventDate "2019.05.14"]

1. e4 c5 2. b3 Nc6 3. Bb2 e6 4. f4 d5 5. e5 Nge7 6. Nf3 d4 7. g3 Nd5 8. Bg2 Be7
9. O-O O-O 10. Qe2 f6 11. c4 dxc3 12. dxc3 fxe5 13. fxe5 Bg5 14. Nbd2 Bh6 15.
Ne4 Ne3 16. Bc1 Qd5 17. Bxe3 Qxe4 18. Ng5 Qxe5 19. Rxf8+ Kxf8 20. Rf1+ Ke7 21.
Qd2 Ke8 22. Bxc6+ bxc6 23. Rf8+ 1-0

[Event "IMSA Masters Rapid Women"]
[Site "Hengshui CHN"]
[Date "2019.05.16"]
[Round "8.4"]
[White "Lei, Tingjie"]
[Black "Gunina, Valentina"]
[Result "0-1"]
[WhiteTitle "GM"]
[BlackTitle "GM"]
[WhiteElo "2507"]
[BlackElo "2506"]
[WhiteFideId "8605114"]
[BlackFideId "4167570"]
[EventDate "2019.05.14"]

1. d4 Nf6 2. c4 e6 3. g3 Bb4+ 4. Bd2 Be7 5. Bg2 d5 6. Nf3 O-O 7. O-O Nbd7 8. Qc2
c6 9. Bf4 b6 10. cxd5 cxd5 11. Rc1 Bb7 12. Bc7 Qe8 13. Qb3 Ne4 14. Nc3 Ndf6 15.
Nb5 a6 16. Nc3 b5 17. Ba5 Rc8 18. Nxe4 Nxe4 19. Ne5 f6 20. Nd3 Qd7 21. f3 Ng5
22. Bb4 Rc4 23. Bc5 e5 24. Bxe7 Qxe7 25. dxe5 fxe5 26. Qd1 e4 27. fxe4 Nxe4 28.
e3 Ng5 29. Qe2 d4 30. Nf4 Rxc1+ 31. Rxc1 Bxg2 32. Nxg2 Nh3+ 33. Kh1 d3 34. Qh5
Nf2+ 35. Kg1 Qe4 36. Rf1 d2 37. Nf4 d1=Q 38. Rxd1 Nxd1 39. Qxd1 Qxe3+ 40. Kg2
Qe4+ 41. Kh3 h6 42. Qd6 Rf6 43. Qd8+ Kh7 44. Qc7 Qc4 45. Qe5 Qc8+ 46. g4 Qc4 47.
Kg3 Qc6 48. h4 Qd6 49. Qe4+ Kg8 50. g5 hxg5 51. hxg5 Rf8 52. g6 Rxf4 53. Qxf4
Qxg6+ 54. Kf3 Qf7 55. b3 Qxf4+ 56. Kxf4 Kf7 57. a4 Ke6 58. Ke4 Kd6 59. axb5 axb5
60. b4 g5 61. Kd4 g4 62. Ke4 g3 0-1

[Event "IMSA Masters Rapid Women"]
[Site "Hengshui CHN"]
[Date "2019.05.16"]
[Round "8.5"]
[White "Harika, Dronavalli"]
[Black "Tan, Zhongyi"]
[Result "0-1"]
[WhiteTitle "GM"]
[BlackTitle "GM"]
[WhiteElo "2492"]
[BlackElo "2513"]
[WhiteFideId "5015197"]
[BlackFideId "8603642"]
[EventDate "2019.05.14"]

1. e4 e5 2. Nf3 Nc6 3. Bc4 Nf6 4. d4 exd4 5. e5 Ne4 6. Qe2 Nc5 7. O-O Be7 8. Rd1
Ne6 9. Bxe6 dxe6 10. c3 O-O 11. Nxd4 Qe8 12. Nf3 b6 13. Nbd2 Bb7 14. Ne4 Rd8 15.
Bf4 Rxd1+ 16. Rxd1 Qa8 17. Re1 Rd8 18. Bg5 Bxg5 19. Nexg5 h6 20. Ne4 Rd5 21. Ng3
Ne7 22. h4 Ng6 23. Qe3 Qd8 24. h5 Rd3 25. Qc1 Nh4 26. Nxh4 Qxh4 27. Rd1 Qd8 28.
Rxd3 Qxd3 29. c4 Qd4 30. Qc3 Qxc3 31. bxc3 Kf8 32. f3 Ke7 33. Kf2 Ba6 34. c5 Kd7
35. cxb6 axb6 36. Ke3 Bc4 37. a3 Kc6 38. Ne4 Kb5 39. g4 Ka4 40. g5 Kxa3 41. gxh6
gxh6 42. Nf6 Kb3 43. Ng4 Kxc3 44. Nxh6 b5 45. Nxf7 b4 46. h6 Bd3 47. Ng5 b3 48.
Ne4+ Bxe4 49. fxe4 b2 50. h7 b1=Q 51. h8=Q c5 52. Qf6 Qb6 53. Qf3 c4+ 54. Kf4+
Kb4 55. Qf1 Qd4 56. Qb1+ Ka3 57. Qc1+ Kb3 58. Qb1+ Qb2 59. Qd1+ Kc3 60. Qd6 Qd2+
61. Kg4 Qh6 62. Qa3+ Kd4 63. Qd6+ Kxe4 64. Qc6+ Kd3 65. Qd6+ Kc2 66. Qa3 Qg6+
67. Kh4 Qe4+ 68. Kg5 Qxe5+ 69. Kg6 Qe4+ 70. Kf6 c3 71. Qa2+ Kd1 72. Qa1+ Kd2 73.
Qa5 e5 74. Ke6 Qd4 75. Kf5 e4 76. Qa1 e3 0-1

[Event "IMSA Masters Rapid Women"]
[Site "Hengshui CHN"]
[Date "2019.05.16"]
[Round "8.6"]
[White "Paehtz, Elisabeth"]
[Black "Stefanova, Antoaneta"]
[Result "1-0"]
[WhiteTitle "IM"]
[BlackTitle "GM"]
[WhiteElo "2470"]
[BlackElo "2470"]
[WhiteFideId "4641833"]
[BlackFideId "2902257"]
[EventDate "2019.05.14"]

1. d4 d5 2. Bf4 Nf6 3. e3 e6 4. Nf3 Bd6 5. Nbd2 Bxf4 6. exf4 O-O 7. Bd3 b6 8.
Qe2 a5 9. O-O Ba6 10. Bxa6 Nxa6 11. c3 c5 12. Ne5 Qd6 13. a3 Nc7 14. Rfe1 b5 15.
g4 g6 16. Qe3 c4 17. Qh3 Kg7 18. f5 exf5 19. gxf5 Nh5 20. Kh1 b4 21. Rg1 bxc3
22. bxc3 Nf6 23. Rg2 Ng8 24. Rag1 Ne7 25. Ndf3 Qf6 26. Rg5 Rad8 27. Ng4 Qd6 28.
f6+ Kh8 29. Qh6 Rg8 30. Nfe5 Rdf8 31. Rg3 Nf5 32. Qxh7+ Kxh7 33. Rh3+ 1-0